000 00414nam a22001337a 4500
008 150225b xxu||||| |||| 00| 0 eng d
020 _a9780829416510
050 _aBV210.2.S53 2000
100 _aSilf, Margaret
_98810
245 _aClose to the heart
_ba practical approach to personal prayer
_cMargaret Silf
260 _aChicago
_bLoyola Press
_c2000
300 _axvi, 230p. ;
_c23cm.
942 _2lcc
_cMONOGRAPH
999 _c122186
_d122186